| 000 | 01124nas a2200373 4500 | ||
|---|---|---|---|
| 001 | BR2013004346 | ||
| 003 | BR-BrBNA | ||
| 005 | 20231205122450.0 | ||
| 007 | ta | ||
| 008 | 230509b bl.|||p| |||| 00| 00por d | ||
| 040 |
_aBR-BrBNA _bpor _cBiblioteca Nacional de Agricultura |
||
| 041 | _a(Pt) | ||
| 072 | _aL02; L51 | ||
| 100 | 1 | _aRocha Neto, A.L. | |
| 100 | 1 | _aVeloso, C.M. | |
| 100 | 1 | _aSilva, F.F. | |
| 100 | 1 | _aSouza, D.R. | |
| 100 | 1 | _aCosta, L.T. | |
| 100 | 1 | _aMurta, R.M. | |
| 100 | 1 | _aSilva, J.C.P.M. | |
| 100 | 1 | _aSouza, D.D. | |
| 100 | 1 | _aMeneses, M.A. | |
| 245 | 1 | _aComportamento ingestivo de vacas em lactação alimentadas com cana-de-açúcar ou feno da parte aérea da mandioca | |
| 650 | _aVACA LEITEIRA | ||
| 650 | _aCANA DE AÇÚCAR | ||
| 650 | _aFENO | ||
| 650 | _aPATE AÉREA | ||
| 650 | _aMANDIOCA | ||
| 650 | _aNUTRIÇÃO ANIMAL | ||
| 650 | _aINGESTÃO | ||
| 773 | 0 |
_tArquivo Brasileiro de Medicina Veterinária e Zootecnia (Brazil) _xISSN 0102-0935 _g(Dec 2012), v. 64(6) p. 1629-1638 _wBR2013004346 |
|
| 909 |
_a202311 _bLúcia _c55 _dLúcia Elande |
||
| 942 |
_2AGRIS _n0 _cANA |
||
| 999 |
_c228790 _d228790 |
||